LEADER 01846nam0 2200409 i 450 001 VEA0150070 005 20251003044439.0 010 $a8883045335 020 $aIT$b2003-10893 100 $a20030408d2002 ||||0itac50 ba 101 | $aita 102 $ait 181 1$6z01$ai $bxxxe 182 1$6z01$an 183 1$6z01$anc$2RDAcarrier 200 1 $aˆUna ‰statistica per la città$el'opera di Ugo Giusti (1873-1953)$fFilippo Casini 210 $aFirenze$cPolistampa$d\2002! 215 $aXXVI, 196 p.$cill.$d24 cm 300 $aIn testa al front.: USCI Unione statistica dei comuni italiani; Comune di Firenze. 606 $aUnione statistica delle città italiane$2FIR$3CFIC141700$9I 606 $aGiusti, Ugo$2FIR$3UFIC100406$9I 676 $a310.92$9Statistica. Persone.$v19 676 $a310.92$9RACCOLTE DI STATISTICHE GENERALI. PERSONE$v21 676 $a310.92$9STATISTICA. Persone$v23 686 $aIT/X430.7$cFONTI STATISTICHE ITALIA$2R 686 $aIT/X437.0$cDEMOGRAFIA PROBLEMI SOCIO-SANITARI ASSISTENZA E PREVIDENZA ITALIA$2R 686 $aTOS/X5.3/FI$cECONOMIA E SOCIETA TOSCANA FIRENZE$2R 700 1$aCasini$b, Filippo$3UFIV127411$4070$0740682 702 1$aGiusti$b, Ugo$3RAVV058369 801 3$aIT$bIT-000000$c20030408 850 $aIT-BN0095 901 $bNAP 01$cPOZZO LIB.$nVi sono collocati fondi di economia, periodici di ingegneria e scienze, periodici di economia e statistica e altri fondi comprendenti documenti di economia pervenuti in dono. 912 $aVEA0150070 950 0$aBiblioteca Centralizzata di Ateneo$c1 v.$d 01POZZO LIB.F. ASSANTE 125$e 0101 0060012625E VMA 1 v. (Precedente collocazione A 131)$fB $h20220916$i20220916 977 $a 01 996 $aStatistica per la città$91468971 997 $aUNISANNIO